00760cam a22001814a 4500001000800000005001700008008004100025020003600066050002200102082001200124245009100136260005900227300002600286500016600312650004700478700002900525710002400554357604120250605093415.0990329s1999 miu b 100 0 eng  a0802838650 (cloth : alk. paper)00aBT205b.W457 199900a23222100aWho do you say that I am? :bchristology and the church /cedited by Donald Armstrong. aGrand Rapids, Mich. :bW.B. Eerdmans Pub. Co.,cc1999. axvi, 143 p. ;c24 cm. aProceedings of the 6th international conference of the Anglican Institute, held in the fall of 1998 at the American Cathedral of the Holy Trinity, Paris, France. 0aAnglican CommunionxDoctrinesvCongresses.1 aArmstrong, Donald,cIII.2 aAnglican Institute.